[Event "Rheinland Pfalz op 53th"]
[Site "Heimbach Weis"]
[Date "2025.06.22"]
[Round "7"]
[White "Guelsen, Taylan"]
[Black "Lenz, Joshua"]
[Result "1/2-1/2"]
[WhiteElo "2076"]
[BlackElo "1938"]
[PlyCount "71"]
[EventDate "2025.06.19"]
[EventType "swiss"]
[EventRounds "7"]
[EventCountry "GER"]
[SourceTitle "CB26_2025"]
[SourceDate "2025.06.25"]
[SourceVersion "1"]
[SourceVersionDate "2025.06.25"]
[SourceQuality "1"]

1. Nf3 d5 2. c4 e6 3. b3 Nf6 4. g3 Be7 5. Bg2 0-0 6. 0-0 d4 7. Bb2 c5 8. e3 Nc6 9. exd4 cxd4 10. Re1 Re8 11. a3 a5 12. d3 Bf8 13. Ne5 Nxe5 14. Rxe5 Ra7 15. Nd2 Bd6 16. Rb5 e5 17. Ne4 Nxe4 18. Bxe4 b6 19. Qh5 g6 20. Qf3 Bd7 21. Bc6 e4 22. Bxe4 Bxb5 23. cxb5 Be5 24. Rc1 Rc7 25. Rc6 Rxc6 26. bxc6 Qd6 27. Qd1 Qc5 28. h4 Bd6 29. Bf3 h5 30. Kg2 Re7 31. Qa1 Be5 32. a4 Rc7 33. Qe1 Re7 34. Qa1 Rc7 35. Qe1 Re7 36. Qa1 1/2-1/2

[Event "Rheinland Pfalz op 53th"]
[Site "Heimbach Weis"]
[Date "2025.06.21"]
[Round "5"]
[White "Du Maire, Jerome"]
[Black "Lenz, Joshua"]
[Result "1/2-1/2"]
[WhiteElo "2185"]
[BlackElo "1938"]
[PlyCount "62"]
[EventDate "2025.06.19"]
[EventType "swiss"]
[EventRounds "7"]
[EventCountry "GER"]
[SourceTitle "CB26_2025"]
[SourceDate "2025.06.25"]
[SourceVersion "1"]
[SourceVersionDate "2025.06.25"]
[SourceQuality "1"]

1. d4 d5 2. c4 e6 3. Nf3 Nf6 4. g3 Be7 5. Bg2 0-0 6. 0-0 dxc4 7. Qc2 a6 8. a4 Bd7 9. Qxc4 Bc6 10. Bg5 a5 11. Nc3 Na6 12. Rfd1 Bxf3 13. Bxf3 c6 14. e4 Qb6 15. Rd2 Rfd8 16. Rad1 Rac8 17. h4 h6 18. Bf4 Nb4 19. Be3 Qc7 20. Bf4 Qb6 21. Qe2 Re8 22. Be3 Qc7 23. Bf4 Qb6 24. Kg2 Rcd8 25. Qc4 Rc8 26. Be3 Qc7 27. Bf4 Qb6 28. Kh2 Red8 29. Be3 Qc7 30. Bf4 Qb6 31. Kg2 Re8 1/2-1/2

[Event "Rheinland Pfalz op 53th"]
[Site "Heimbach Weis"]
[Date "2025.06.21"]
[Round "6"]
[White "Lenz, Joshua"]
[Black "Gaertner, Michael1"]
[Result "1/2-1/2"]
[WhiteElo "1938"]
[BlackElo "2098"]
[PlyCount "73"]
[EventDate "2025.06.19"]
[EventType "swiss"]
[EventRounds "7"]
[EventCountry "GER"]
[SourceTitle "CB26_2025"]
[SourceDate "2025.06.25"]
[SourceVersion "1"]
[SourceVersionDate "2025.06.25"]
[SourceQuality "1"]

1. e4 d6 2. d4 Nf6 3. Nc3 Nbd7 4. f4 e5 5. Nf3 exd4 6. Qxd4 c6 7. Be3 d5 8. e5 Bc5 9. Qd2 Ne4 10. Nxe4 dxe4 11. Bxc5 Nxc5 12. Qxd8+ Kxd8 13. Ng5 Ke7 14. b4 Ne6 15. Nxe6 Bxe6 16. g3 f6 17. exf6+ gxf6 18. Bg2 f5 19. a3 a5 20. Ke2 Rhd8 21. Rhd1 Rxd1 22. Rxd1 axb4 23. axb4 Ra2 24. Rd2 b6 25. g4 c5 26. bxc5 bxc5 27. gxf5 Bxf5 28. c3 Rxd2+ 29. Kxd2 Kd6 30. Ke3 Kd5 31. Bf1 h6 32. h4 Bg6 33. Bb5 Bf5 34. Ba6 Bh7 35. Bb7+ Kc4 36. Bxe4 Bxe4 37. Kxe4 1/2-1/2

[Event "Reykjavik op"]
[Site "Reykjavik"]
[Date "2025.04.13"]
[Round "6"]
[White "Lenz, Joshua"]
[Black "Pipiras, Filipa Fortuna"]
[Result "0-1"]
[WhiteElo "1944"]
[BlackElo "2195"]
[PlyCount "52"]
[EventDate "2025.04.09"]
[EventType "swiss"]
[EventRounds "9"]
[EventCountry "ISL"]
[SourceTitle "CB17_2025"]
[SourceDate "2025.04.23"]
[SourceVersion "1"]
[SourceVersionDate "2025.04.23"]
[SourceQuality "1"]

1. e4 c5 2. d4 cxd4 3. c3 dxc3 4. Nxc3 Nc6 5. Nf3 e6 6. Bc4 Bb4 7. Qc2 Nge7 8. 0-0 0-0 9. Rd1 Ng6 10. a3 Be7 11. Be3 a6 12. Be2 b5 13. b4 Bb7 14. Rac1 Rc8 15. Qd2 d6 16. g3 Nce5 17. Nd4 Nc4 18. Bxc4 bxc4 19. f4 Qd7 20. Nf3 f5 21. Ne5 Qe8 22. Nxg6 Qxg6 23. exf5 Qxf5 24. Re1 h5 25. Bd4 h4 26. Qe3 e5 0-1

[Event "Reykjavik op"]
[Site "Reykjavik"]
[Date "2025.04.10"]
[Round "2"]
[White "Colas, Joshua"]
[Black "Lenz, Joshua"]
[Result "1-0"]
[WhiteElo "2275"]
[BlackElo "1944"]
[PlyCount "99"]
[EventDate "2025.04.09"]
[EventType "swiss"]
[EventRounds "9"]
[EventCountry "ISL"]
[SourceTitle "CB17_2025"]
[SourceDate "2025.04.23"]
[SourceVersion "1"]
[SourceVersionDate "2025.04.23"]
[SourceQuality "1"]

1. c4 e6 2. Nf3 d5 3. d4 Nf6 4. g3 Be7 5. Bg2 0-0 6. 0-0 dxc4 7. Qc2 a6 8. a4 Bd7 9. Rd1 Bc6 10. Nc3 b6 11. e4 Bb7 12. Ne5 Qc8 13. Nxc4 Rd8 14. Bf4 Nbd7 15. Rac1 c5 16. dxc5 Bxc5 17. Qe2 Ne8 18. Rc2 Bc6 19. Rcd2 Qb7 20. Ne5 Ra7 21. Bg5 f6 22. Nxc6 Qxc6 23. e5 Qc8 24. exf6 gxf6 25. Qxe6+ Kg7 26. Be3 Nf8 27. Qxc8 Rxc8 28. Bxc5 Rxc5 29. Re1 Re5 30. Rxe5 fxe5 31. Rd8 Nf6 32. Nd5 Rd7 33. Rxf8 Nxd5 34. Rb8 Nf6 35. Rxb6 Rd1+ 36. Bf1 Ne4 37. Kg2 Rd2 38. Kf3 Rxf2+ 39. Kxe4 Rxf1 40. Kxe5 Rf2 41. h4 a5 42. b4 axb4 43. Rxb4 Ra2 44. g4 h6 45. Kd6 Kg6 46. Kc5 Rh2 47. a5 Rxh4 48. a6 Rh1 49. a7 Ra1 50. Kb6 1-0

[Event "Reykjavik op"]
[Site "Reykjavik"]
[Date "2025.04.10"]
[Round "3"]
[White "Lenz, Joshua"]
[Black "Standal, Egil Arne"]
[Result "1-0"]
[WhiteElo "1944"]
[BlackElo "1766"]
[PlyCount "71"]
[EventDate "2025.04.09"]
[EventType "swiss"]
[EventRounds "9"]
[EventCountry "ISL"]
[SourceTitle "CB17_2025"]
[SourceDate "2025.04.23"]
[SourceVersion "1"]
[SourceVersionDate "2025.04.23"]
[SourceQuality "1"]

1. e4 c6 2. d4 d5 3. exd5 cxd5 4. c4 e6 5. Nc3 Nf6 6. Nf3 Be7 7. cxd5 exd5 8. h3 0-0 9. Bd3 Re8 10. 0-0 Nc6 11. Bf4 a6 12. a3 Be6 13. b4 Bd6 14. Bxd6 Qxd6 15. Qd2 b5 16. Rfe1 Rac8 17. Na2 Ne7 18. Nc1 Bf5 19. Nb3 Bxd3 20. Qxd3 Ne4 21. Nc5 Ng6 22. Nxe4 dxe4 23. Rxe4 Red8 24. Rd1 Nf4 25. Qd2 Nd5 26. Rc1 Qg6 27. Re5 Qd6 28. Rc5 Nb6 29. Qe2 Kf8 30. Rxc8 Rxc8 31. Rc5 Rd8 32. Qe4 Nd5 33. Qxh7 Qf6 34. Qe4 Nf4 35. Rf5 Ne2+ 36. Kf1 1-0

[Event "Heusenstamm Sparkassen op 11th"]
[Site "Heusenstamm"]
[Date "2024.11.22"]
[Round "3"]
[White "Lenz, Joshua"]
[Black "Falkenhainer, Sven"]
[Result "1/2-1/2"]
[WhiteElo "2006"]
[BlackElo "1830"]
[PlyCount "96"]
[EventDate "2024.11.21"]
[EventType "swiss"]
[EventRounds "7"]
[EventCountry "GER"]
[SourceTitle "CB51_2024"]
[SourceDate "2024.12.18"]
[SourceVersion "1"]
[SourceVersionDate "2024.12.18"]
[SourceQuality "1"]

1. e4 e6 2. d4 d5 3. e5 c5 4. c3 Nc6 5. Nf3 Bd7 6. Bd3 cxd4 7. 0-0 h6 8. Nbd2 Nge7 9. cxd4 Ng6 10. Bxg6 fxg6 11. Qc2 Kf7 12. Nb3 Be7 13. Bd2 Rc8 14. Qd3 Rf8 15. Rac1 Nb4 16. Qb1 Bb5 17. Rxc8 Qxc8 18. Rc1 Qd7 19. Bxb4 Bxb4 20. a3 Bc4 21. Nbd2 Bxd2 22. Nxd2 Ba6 23. b4 Bb5 24. h3 Rc8 25. Nb3 Rxc1+ 26. Qxc1 b6 27. Nd2 Qc6 28. Qxc6 Bxc6 29. Kf1 Bb5+ 30. Ke1 g5 31. Nb1 Kg6 32. Nc3 Bc4 33. g4 Kf7 34. f3 g6 35. Kf2 Ke7 36. Kg3 Kf7 37. h4 gxh4+ 38. Kxh4 g5+ 39. Kg3 Kg6 40. Nd1 Bd3 41. Ne3 Bb1 42. f4 gxf4+ 43. Kxf4 Be4 44. Nf1 Bd3 45. Ng3 Bc2 46. Nh5 a5 47. Nf6 axb4 48. axb4 Ba4 1/2-1/2

[Event "Rheinland Pfalz-ch Blitz"]
[Site "Landau"]
[Date "2024.05.05"]
[Round "25"]
[White "Lenz, Joshua"]
[Black "Bold, Andre"]
[Result "0-1"]
[WhiteElo "1848"]
[BlackElo "2110"]
[PlyCount "96"]
[EventDate "2024.05.05"]
[EventType "tourn (blitz)"]
[EventRounds "29"]
[EventCountry "GER"]
[SourceTitle "CBM 220 Extra"]
[Source "ChessBase"]
[SourceDate "2024.07.31"]
[SourceVersion "1"]
[SourceVersionDate "2024.07.31"]
[SourceQuality "1"]

1. e4 c6 2. d4 d5 3. exd5 cxd5 4. c4 Nf6 5. Nc3 g6 6. Qb3 Bg7 7. cxd5 0-0 8. Be2 Na6 9. Bf3 Qb6 10. Qxb6 axb6 11. a3 Rd8 12. Bf4 Nb4 13. 0-0-0 Nbxd5 14. Nxd5 Nxd5 15. Bxd5 Rxd5 16. Ne2 Bg4 17. f3 Bd7 18. Nc3 Rxd4 19. Ne4 Rc8+ 20. Kb1 Bf5 21. Rxd4 Bxd4 22. g4 Bxe4+ 23. fxe4 e5 24. Bd2 f6 25. Rf1 Kg7 26. h4 h6 27. g5 fxg5 28. hxg5 h5 29. Bb4 Re8 30. Kc2 h4 31. Kd3 Bxb2 32. Rh1 Rh8 33. Be7 Kf7 34. Bf6 Rh7 35. a4 h3 36. Kc4 Bd4 37. Kd5 h2 38. Bd8 Ke8 39. Bf6 Kd7 40. Bxe5 Bxe5 41. Kxe5 Ke7 42. Kd5 Rh5 43. e5 Rh4 44. e6 Rh5 45. Kc4 Kxe6 46. Kb5 Rxg5+ 47. Kxb6 Rg2 48. Kxb7 Ra2 0-1

[Event "Rheinland Pfalz-ch Blitz"]
[Site "Landau"]
[Date "2024.05.05"]
[Round "6"]
[White "Lenz, Joshua"]
[Black "Bruch, Jochen"]
[Result "1-0"]
[WhiteElo "1848"]
[BlackElo "2119"]
[PlyCount "109"]
[EventDate "2024.05.05"]
[EventType "tourn (blitz)"]
[EventRounds "29"]
[EventCountry "GER"]
[SourceTitle "CBM 220 Extra"]
[Source "ChessBase"]
[SourceDate "2024.07.31"]
[SourceVersion "1"]
[SourceVersionDate "2024.07.31"]
[SourceQuality "1"]

1. e4 e6 2. d4 d5 3. e5 c5 4. c3 Nc6 5. Nf3 Qb6 6. Bd3 cxd4 7. cxd4 Bd7 8. 0-0 Nxd4 9. Nbd2 Ne7 10. Nxd4 Qxd4 11. Nf3 Qb6 12. Be3 Qd8 13. Rc1 Nc6 14. a3 Be7 15. b4 a6 16. Bc5 Bxc5 17. Rxc5 Qe7 18. Qe2 0-0 19. h4 f5 20. Rfc1 Rfc8 21. Qb2 Na7 22. g3 Rxc5 23. Rxc5 Rc8 24. Rxc8+ Nxc8 25. Nd4 Nb6 26. Qc2 Ba4 27. Qc1 Qd7 28. f4 Nc8 29. Qc5 Ne7 30. Kg2 Nc6 31. Nf3 Bb5 32. Bc2 d4 33. Bb3 Bd3 34. Ng5 Nd8 35. Qb6 Be4+ 36. Kf2 Bc6 37. Ke2 h6 38. Nh3 d3+ 39. Kd2 Be4 40. Nf2 Nc6 41. Qe3 Kf7 42. Nxe4 fxe4 43. Qxe4 Nd4 44. Bc4 b5 45. Bxd3 a5 46. Ke3 Nb3 47. bxa5 Nxa5 48. h5 Nb3 49. Kf2 Nc5 50. Qg6+ Kf8 51. Be2 Qd4+ 52. Kg2 Ne4 53. Bxb5 Qf2+ 54. Kh3 Qf3 55. Qe8# 1-0

[Event "Rheinland Pfalz-ch Blitz"]
[Site "Landau"]
[Date "2024.05.05"]
[Round "10"]
[White "Lenz, Joshua"]
[Black "Frohnhaeuser, Simon"]
[Result "0-1"]
[WhiteElo "1848"]
[BlackElo "1959"]
[PlyCount "76"]
[EventDate "2024.05.05"]
[EventType "tourn (blitz)"]
[EventRounds "29"]
[EventCountry "GER"]
[SourceTitle "CBM 220 Extra"]
[Source "ChessBase"]
[SourceDate "2024.07.31"]
[SourceVersion "1"]
[SourceVersionDate "2024.07.31"]
[SourceQuality "1"]

1. e4 c5 2. d4 cxd4 3. c3 d3 4. Bxd3 d6 5. c4 Nf6 6. Nc3 Nc6 7. Nf3 g6 8. h3 Bg7 9. Be3 0-0 10. 0-0 a6 11. a3 Nd7 12. Rc1 Nde5 13. Bb1 Nxf3+ 14. Qxf3 Ne5 15. Qe2 Be6 16. Nd5 Rc8 17. b4 Bxd5 18. cxd5 Qd7 19. f4 Nc4 20. Rxc4 Qb5 21. Rc2 Rxc2 22. Qxc2 e6 23. Ba2 e5 24. fxe5 Bxe5 25. Bf4 Bd4+ 26. Kh2 Qxf1 27. Bxd6 Re8 28. Bc4 Qg1+ 29. Kg3 Qe3+ 30. Kh2 Rxe4 31. Bd3 Be5+ 32. Bxe5 Rxe5 33. d6 Qf4+ 34. g3 Qf6 35. d7 Rd5 36. b5 axb5 37. Bxb5 Kg7 38. a4 Qg5 0-1

[Event "Rheinland Pfalz-ch Blitz"]
[Site "Landau"]
[Date "2024.05.05"]
[Round "8"]
[White "Lenz, Joshua"]
[Black "Zimmermann, Klemens"]
[Result "0-1"]
[WhiteElo "1848"]
[BlackElo "2198"]
[PlyCount "64"]
[EventDate "2024.05.05"]
[EventType "tourn (blitz)"]
[EventRounds "29"]
[EventCountry "GER"]
[SourceTitle "CBM 220 Extra"]
[Source "ChessBase"]
[SourceDate "2024.07.31"]
[SourceVersion "1"]
[SourceVersionDate "2024.07.31"]
[SourceQuality "1"]

1. e4 c5 2. d4 cxd4 3. c3 d3 4. Bxd3 d6 5. c4 e6 6. Nc3 Ne7 7. Nf3 Nec6 8. 0-0 Be7 9. h3 0-0 10. Be3 b6 11. a3 Nd7 12. b4 Bb7 13. Rc1 Rc8 14. Nd2 Nce5 15. Be2 Re8 16. f4 Ng6 17. Nf3 Bf8 18. Bd3 Qc7 19. Qe2 Qb8 20. g4 a5 21. h4 axb4 22. axb4 d5 23. h5 Nxf4 24. Bxf4 Qxf4 25. Qg2 Qe3+ 26. Kh1 Qxd3 27. exd5 exd5 28. Nxd5 Bxd5 29. cxd5 Rxc1 30. Rxc1 Re2 31. Qf1 Qe3 32. Qg1 Qxf3+ 0-1

[Event "Heusenstamm Sparkassen op-A 9th"]
[Site "Heusenstamm"]
[Date "2023.11.26"]
[Round "6"]
[White "Lenz, Joshua"]
[Black "Vihan, Shourya"]
[Result "1-0"]
[WhiteElo "1806"]
[BlackElo "2044"]
[PlyCount "75"]
[EventDate "2023.11.23"]
[EventType "swiss"]
[EventRounds "7"]
[EventCountry "GER"]
[SourceTitle "CBM 217 Extra"]
[Source "ChessBase"]
[SourceDate "2024.01.31"]
[SourceVersion "1"]
[SourceVersionDate "2024.01.31"]
[SourceQuality "1"]

1. e4 c5 2. d4 cxd4 3. c3 dxc3 4. Nxc3 e6 5. Nf3 Nc6 6. Bc4 Bb4 7. 0-0 Nge7 8. Qc2 0-0 9. Rd1 a6 10. Be3 Qc7 11. a3 Bxc3 12. Qxc3 Na5 13. Ba2 Qxc3 14. bxc3 Nac6 15. Bc5 Re8 16. c4 Ng6 17. Bd6 f6 18. c5 Nh8 19. Nd2 Nf7 20. Nc4 Nxd6 21. Nxd6 Rd8 22. Rab1 Kf8 23. f4 Ke7 24. Kf2 Rb8 25. Rb6 Na7 26. a4 Nc6 27. Ke3 Ra8 28. g3 a5 29. Bc4 Nb4 30. Rd2 Na6 31. Bxa6 bxa6 32. Rdb2 Ra7 33. Kd3 Rc7 34. Kc4 Rc6 35. Kd4 g6 36. Rb8 Rxd6+ 37. cxd6+ Kxd6 38. Rc2 1-0

[Event "Marburg op-A"]
[Site "Marburg"]
[Date "2023.10.28"]
[Round "4"]
[White "Haack, Kevin"]
[Black "Lenz, Joshua"]
[Result "1-0"]
[WhiteElo "2283"]
[BlackElo "1678"]
[PlyCount "47"]
[EventDate "2023.10.26"]
[EventType "swiss"]
[EventRounds "7"]
[EventCountry "GER"]
[SourceTitle "CBM 217 Extra"]
[Source "ChessBase"]
[SourceDate "2024.01.31"]
[SourceVersion "1"]
[SourceVersionDate "2024.01.31"]
[SourceQuality "1"]

1. d4 d5 2. c4 e5 3. dxe5 Ne7 4. Bg5 Be6 5. Nf3 Nbc6 6. cxd5 Qxd5 7. Nc3 Qxd1+ 8. Rxd1 Nb4 9. Nb5 Rc8 10. Nxa7 Rd8 11. Rxd8+ Kxd8 12. a3 Nc2+ 13. Kd2 Na1 14. Nb5 Nb3+ 15. Kc2 h6 16. Bxe7+ Bxe7 17. Nbd4 Nxd4+ 18. Nxd4 Bd7 19. e3 c5 20. Nb5 Bc6 21. f3 Bg5 22. Nd6 Ke7 23. h4 Bf6 24. Nc4 1-0

[Event "GER-chT U16"]
[Site "Darmstadt"]
[Date "2022.12.28"]
[Round "3"]
[White "Pohle, Saskia"]
[Black "Lenz, Joshua"]
[Result "1-0"]
[WhiteElo "1678"]
[BlackElo "1527"]
[PlyCount "73"]
[EventDate "2022.12.26"]
[EventType "team-swiss"]
[EventRounds "7"]
[EventCountry "GER"]
[SourceTitle "CBM 212 Extra"]
[Source "ChessBase"]
[SourceDate "2023.03.31"]
[SourceVersion "1"]
[SourceVersionDate "2023.03.31"]
[SourceQuality "1"]
[WhiteTeam "Magdeburg Schachzwerge"]
[BlackTeam "Lahnstein Turm"]
[WhiteTeamCountry "GER"]
[BlackTeamCountry "GER"]

1. e4 e6 2. d4 d5 3. Nd2 c5 4. exd5 Qxd5 5. Ngf3 cxd4 6. Bc4 Qd6 7. 0-0 Nf6 8. Nb3 Nc6 9. Nbxd4 Nxd4 10. Nxd4 a6 11. Re1 Qc7 12. Bf1 Be7 13. Qf3 Bd7 14. Bg5 0-0-0 15. Re3 Kb8 16. Bf4 Bd6 17. Rc3 Bxf4 18. Rxc7 Bxc7 19. Qb3 Bc8 20. Nc6+ Ka8 21. Nxd8 Rxd8 22. Qf3 Ka7 23. c4 Rd4 24. Qe3 e5 25. h3 Ne4 26. b4 Kb8 27. Bd3 Nf6 28. a4 h6 29. b5 Nd7 30. bxa6 bxa6 31. Rb1+ Ka7 32. Bf5 f6 33. Qf3 e4 34. Bxe4 Nc5 35. Qe3 Rxc4 36. Bd5 Bf4 37. Qe7+ 1-0

[Event "SVR op"]
[Site "Lahnstein"]
[Date "2019.04.19"]
[Round "6"]
[White "Roth, Niklas"]
[Black "Lenz, Joshua"]
[Result "1/2-1/2"]
[WhiteElo "1264"]
[BlackElo "1607"]
[PlyCount "101"]
[EventDate "2019.04.13"]
[EventType "swiss"]
[EventRounds "7"]
[EventCountry "GER"]
[SourceTitle "EXT 2021"]
[Source "ChessBase"]
[SourceDate "2020.10.23"]
[SourceVersion "1"]
[SourceVersionDate "2020.10.23"]
[SourceQuality "1"]

1. d4 e6 2. Bf4 Nf6 3. e3 c5 4. c3 b6 5. Nf3 Be7 6. Bd3 d5 7. Nbd2 Ba6 8. Qa4+ Qd7 9. Qxd7+ Nfxd7 10. Bxa6 Nxa6 11. 0-0 0-0 12. Ne5 Nxe5 13. Bxe5 cxd4 14. exd4 Rac8 15. Rac1 Nc7 16. Rc2 Ne8 17. Nf3 Nd6 18. Bf4 Rc7 19. Rfc1 Rfc8 20. Bg5 Nf5 21. Bxe7 Rxe7 22. c4 dxc4 23. Rxc4 Rxc4 24. Rxc4 h6 25. Kf1 Rd7 26. Ke2 g5 27. h3 b5 28. Rb4 a6 29. a4 bxa4 30. Rxa4 Rc7 31. Kd2 Rc6 32. b3 f6 33. Rc4 Rb6 34. Kc3 Nd6 35. Ra4 Ne4+ 36. Kc2 Nxf2 37. Nd2 f5 38. Nf3 Kf8 39. Ne5 Ke8 40. Rc4 Rb8 41. Rc6 Ke7 42. Rxa6 Rc8+ 43. Kd2 Ne4+ 44. Kd3 Rc3+ 45. Ke2 Rxb3 46. Ra7+ Kd8 47. Rh7 Rb2+ 48. Ke1 Rxg2 49. Rxh6 Rd2 50. Nf7+ Ke7 51. Nxg5 1/2-1/2

[Event "SVR op"]
[Site "Lahnstein"]
[Date "2019.04.18"]
[Round "5"]
[White "Lenz, Joshua"]
[Black "Schrott, Nick"]
[Result "1/2-1/2"]
[WhiteElo "1607"]
[BlackElo "1308"]
[PlyCount "87"]
[EventDate "2019.04.13"]
[EventType "swiss"]
[EventRounds "7"]
[EventCountry "GER"]
[SourceTitle "EXT 2021"]
[Source "ChessBase"]
[SourceDate "2020.10.23"]
[SourceVersion "1"]
[SourceVersionDate "2020.10.23"]
[SourceQuality "1"]

1. e4 e5 2. Bc4 Nf6 3. d4 exd4 4. Nf3 Nxe4 5. 0-0 d5 6. Qxd4 dxc4 7. Qxe4+ Be6 8. Nc3 Be7 9. Qxb7 Nd7 10. Bf4 Bd6 11. Bxd6 cxd6 12. Rfe1 0-0 13. Nd4 Nc5 14. Qf3 Qb6 15. Rab1 Rae8 16. Nxe6 fxe6 17. Qg3 d5 18. b4 cxb3 19. cxb3 Qb4 20. Re5 d4 21. Ne4 Nxe4 22. Rxe4 e5 23. Rxe5 Rxe5 24. Qxe5 Qd2 25. Rf1 d3 26. Qe3 Qc2 27. Qc1 Rd8 28. g3 Qxa2 29. b4 Qb3 30. Qc7 Re8 31. Qd7 Kf8 32. Qd6+ Re7 33. Re1 Qf7 34. Rxe7 Qxe7 35. Qxd3 Qxb4 36. Qxh7 a5 37. Qh8+ Kf7 38. h4 a4 39. Qh7 a3 40. h5 Qb2 41. Qg6+ Kg8 42. Qe8+ Kh7 43. Qg6+ Kg8 44. Qe8+ 1/2-1/2

[Event "SVR-op"]
[Site "Hennweiler"]
[Date "2018.03.30"]
[Round "6"]
[White "Plum, Paul"]
[Black "Lenz, Joshua"]
[Result "1-0"]
[WhiteElo "1502"]
[BlackElo "1332"]
[PlyCount "109"]
[EventDate "2018.03.24"]
[EventType "swiss"]
[EventRounds "7"]
[EventCountry "GER"]
[SourceTitle "EXT 2020"]
[Source "ChessBase"]
[SourceDate "2019.10.17"]
[SourceVersion "1"]
[SourceVersionDate "2019.10.17"]
[SourceQuality "1"]

1. Nf3 g6 2. d4 Bg7 3. c4 Nf6 4. Nc3 0-0 5. Bf4 d6 6. Qd2 Nc6 7. e3 Nb4 8. a3 Na6 9. Rd1 Re8 10. Be2 Nh5 11. Bg3 Nxg3 12. hxg3 e5 13. dxe5 Bxe5 14. Nxe5 Rxe5 15. Qd4 Qe7 16. Nd5 Qe6 17. Qh4 h5 18. Qd8+ Kg7 19. Nxc7 Nxc7 20. Qxc7 d5 21. cxd5 Rxd5 22. Rxd5 Qxd5 23. Bc4 Qd7 24. Qe5+ f6 25. Qd5 Qxd5 26. Bxd5 Rb8 27. Ke2 b6 28. Rc1 Ba6+ 29. Kf3 Rc8 30. Rxc8 Bxc8 31. Kf4 Bf5 32. e4 Bd7 33. e5 g5+ 34. Ke4 fxe5 35. Kxe5 a6 36. Kd6 Be8 37. Kc7 b5 38. Kb6 Kf6 39. Kxa6 Ke5 40. Bf3 Kd4 41. Kb6 Kc4 42. Be2+ Kb3 43. Bxb5 Bf7 44. a4 Kxb2 45. a5 Bd5 46. Bc6 Bc4 47. a6 Bxa6 48. Kxa6 Kc3 49. Be8 h4 50. gxh4 gxh4 51. Bd7 Kd4 52. f3 Ke5 53. Kb5 Kf4 54. Bh3 Kg5 55. Kc4 1-0